=LDR 00000nam 2200000 4500 =001 INLIS000000000023366 =005 20130612122035 =008 ***********************************Ind** =035 ##$$0010-061300000023366 =041 ##$$a Ind =082 ##$$a 378.2 =090 ##$$a 378.2, Rid m =100 ##$$a Ridwan =245 ##$$a Metode dan teknik menyusun tesis, Ridwan =260 ##$$a 2004 $b Bandung =300 ##$$a 376 hlm, ilus, 22 cm =650 ##$$a Disertasi dan tesis =850 ##$$a NBPNMAT